| 000 | 00965cam a2200217 4500 | ||
|---|---|---|---|
| 001 | ABS61283 | ||
| 008 | 000000n1999 000 0 eng u | ||
| 035 | _a(Sirsi) u101909 | ||
| 100 | _aKinnard, W. | ||
| 245 | _aHow North American appraisers value contaminated property and associated stigma. | ||
| 260 | _c1999 | ||
| 490 |
_aAppraisal Journal _v67(3) July 1999, 269-279(11) |
||
| 520 | _aPresents the results of a systematic survey of US and Canadian appraisers know or reported to have experience in valuing contaminated real estate. Looks at the methods and procedures used in valuing the property and compares these with recommended practice. The area in which respondents felt more guidance was needed was in the identification and measurement of post-remediation stigma. | ||
| 650 | _aCONTAMINATED LAND | ||
| 650 | _aNORTH AMERICA | ||
| 650 | _aCANADA | ||
| 650 | _aUSA | ||
| 690 | _aRATING AND VALUATION | ||
| 700 | _aWorzala, E. | ||
| 942 | _n0 | ||
| 999 |
_c61007 _d61007 |
||